| 000 | 00955cab a2200301 4500 | ||
|---|---|---|---|
| 001 | ABS58981 | ||
| 008 | 090401t1998 xxu||||| |||| 00| 0 eng d | ||
| 035 | _a(Sirsi) u87691 | ||
| 041 | _aeng | ||
| 100 | _aBrewer, G. | ||
| 245 | _aTesting the limits of tort with `complex structure` | ||
| 260 | _c1998 | ||
| 350 | _a0 | ||
| 490 |
_aContract Journal _v394(6184) 15 July 1998, 24(1) |
||
| 520 | _aExamines claims for damages in tort, considering case law in this area. | ||
| 650 | _aBUILT ENVIRONMENT-BUILDING CONTRACT FORMS-CONSTRUCTION COLLATERAL WARRANTY FORMS | ||
| 650 | _aDAMAGES | ||
| 650 | _aDEFECTIVE BUILDINGS | ||
| 650 | _aHEDLEY BYRNE & CO V HELLER & PARTNERS LTD | ||
| 650 | _aJACOBS V MORTON & PARTNERS | ||
| 650 | _aJUNIOR BOOKS V VEITCHI | ||
| 650 | _aRELATIONSHIP | ||
| 650 | _aTORT | ||
| 650 | _aTUNNEL REFINERIES V BRYAN DONKIN CO AND OTHERS | ||
| 690 | _aBUILT ENVIRONMENT | ||
| 942 | _n0 | ||
| 948 | _c29/07/1998 | ||
| 999 |
_c55323 _d55323 |
||